LEADER 04275nam 2200829 450 001 9910787732503321 005 20230803195218.0 010 $a1-61451-279-5 024 7 $a10.1515/9781614512790 035 $a(CKB)2670000000519630 035 $a(EBL)1037927 035 $a(SSID)ssj0001112789 035 $a(PQKBManifestationID)11615189 035 $a(PQKBTitleCode)TC0001112789 035 $a(PQKBWorkID)11179576 035 $a(PQKB)11333840 035 $a(MiAaPQ)EBC1037927 035 $a(DE-B1597)207112 035 $a(OCoLC)865071334 035 $a(OCoLC)948655747 035 $a(DE-B1597)9781614512790 035 $a(Au-PeEL)EBL1037927 035 $a(CaPaEBR)ebr10838317 035 $a(CaONFJC)MIL574243 035 $a(OCoLC)870589992 035 $a(EXLCZ)992670000000519630 100 $a20140224h20142014 uy| 0 101 0 $aeng 135 $aurnn#---|u||u 181 $ctxt 182 $cc 183 $acr 200 04$aThe nominal structure in Slavic and beyond /$fedited by Lilia Schu?rcks, Anastasia Giannakidou, and Urtzi Etxeberria 210 1$aBerlin :$cDe Gruyter Mouton,$d[2014] 210 4$dİ2014 215 $a1 online resource (496 p.) 225 1 $aStudies in generative grammar,$x0167-4331 ;$vvolume 116 300 $aDescription based upon print version of record. 311 0 $a1-61451-388-0 320 $aIncludes bibliographical references. 327 $tFront matter --$tTable of Contents --$tNominal Arguments and the role of D: an introduction /$rSchürcks, Lilia / Giannakidou, Anastasia / Etxeberria, Urtzi --$tDefiniteness and Structure of NPs in Slavic /$rZlati?, Larisa --$tIntensifiers, Focus, and Clitics: Is Pronoun Position Truly an Argument for D in SC? /$rDespi?, Miloje --$tPhases beyond Clauses /$rBo?kovi?, ?eljko --$tThe Slovenian Orphan Accusative, Empty Pronouns and Noun Phrase Structure /$rFranks, Steven --$tA Definite Article in the AP - Evidence from Colloquial Slovenian /$rMaru?i?, Franc / ?aucer, Rok --$tThe Jungle of the Czech Local Cases: Where Semantics and Morphology Meet /$rCaha, Pavel --$tThe Case for Genitive Case in Bulgarian /$rKrapova, Iliyana / Cinque, Guglielmo --$tReciprocity Expressions /$rZimmermann, Ilse --$tAbout the Vocative /$rStavrou, Melita --$tDeterminer Phrases and Mixed Agreement in Slavic /$rRappaport, Gilbert C. --$tSyntax Presupposes, Morphology Disposes: Markedness and NP Typology /$rSchürcks, Lilia --$tD-heads, domain restriction, and variation: From Greek and Basque to Salish /$rEtxeberria, Urtzi / Giannakidou, Anastasia --$tSlavic Clitic Systems in a Typological Perspective /$rKosta, Peter / Zimmerling, Anton 330 $aThe contributions in this volume shed new light on the discussion of whether the DP hypothesis applies universally or not. The issue is prominent not only for Slavic languages. Drawing on evidence from many other languages, Greek, East Asian, and Basque among them, the book has important implications for answering fundamental questions about the nature of definiteness and quantification. 410 0$aStudies in generative grammar ;$v116. 606 $aGrammar, Comparative and general$xNominals 606 $aGrammar, Comparative and general$xNoun 606 $aSlavic languages$xGrammar 606 $aGrammar, Comparative and general$xSyntax 606 $aGenerative grammar 606 $aTypology (Linguistics) 606 $aHistorical linguistics 610 $aGenerative Grammar. 610 $aNominal Phrase. 610 $aSyntax. 615 0$aGrammar, Comparative and general$xNominals. 615 0$aGrammar, Comparative and general$xNoun. 615 0$aSlavic languages$xGrammar. 615 0$aGrammar, Comparative and general$xSyntax. 615 0$aGenerative grammar. 615 0$aTypology (Linguistics) 615 0$aHistorical linguistics. 676 $a491.80456 686 $aKD 1554$qSEPA$2rvk 701 $aSchu?rcks$b Lilia$01472360 701 $aGiannakidou$b Anastasia$01472361 701 $aEtxeberria$b Urtzi$01472362 801 0$bMiAaPQ 801 1$bMiAaPQ 801 2$bMiAaPQ 906 $aBOOK 912 $a9910787732503321 996 $aThe nominal structure in Slavic and beyond$93685148 997 $aUNINA LEADER 02416nam 2200577 450 001 9910818933303321 005 20170918221625.0 010 $a1-4704-0093-6 035 $a(CKB)3360000000464700 035 $a(EBL)3113815 035 $a(SSID)ssj0000889157 035 $a(PQKBManifestationID)11521347 035 $a(PQKBTitleCode)TC0000889157 035 $a(PQKBWorkID)10875857 035 $a(PQKB)10825300 035 $a(MiAaPQ)EBC3113815 035 $a(RPAM)4417368 035 $a(PPN)195413997 035 $a(EXLCZ)993360000000464700 100 $a20140903h19941994 uy 0 101 0 $aeng 135 $aur|n|---||||| 181 $ctxt 182 $cc 183 $acr 200 12$aA proof of the q-Macdonald-Morris conjecture for BCn /$fKevin W.J. Kadell 210 1$aProvidence, Rhode Island :$cAmerican Mathematical Society,$d1994. 210 4$dİ1994 215 $a1 online resource (93 p.) 225 1 $aMemoirs of the American Mathematical Society,$x0065-9266 ;$vVolume 108, Number 516 300 $a"March 1994, Volume 108, Number 516 (first of 5 numbers)." 311 $a0-8218-2552-6 320 $aIncludes bibliographical references. 327 $a""Table of Contents""; ""1. Introduction""; ""2. Outline of the proof and summary""; ""3. The simple roots and reflections of B[sub(n)] and C[sub(n)]""; ""4. The g-engine of our q-machine""; ""5. Removing the denominators""; ""6. The q-transportation theory for BC[sub(n)]""; ""7. Evaluation of the constant terms A, E, K, F and Z""; ""8. q-analogues of some functional equations""; ""9. g-transportation theory revisited""; ""10. A proof of Theorem 4""; ""11. The parameter r""; ""12. The g-Macdonald-Morris conjecture for B[sub(n)], B[sup(v)][sub(n)], C[sub(n)], C[sup(v)][sub(n)] and D[sub(n)]"" 327 $a""13. Conclusion"" 410 0$aMemoirs of the American Mathematical Society ;$vVolume 108, Number 516. 606 $aBeta functions 606 $aDefinite integrals 606 $aSelberg trace formula 615 0$aBeta functions. 615 0$aDefinite integrals. 615 0$aSelberg trace formula. 676 $a515/.52 700 $aKadell$b Kevin W. J.$f1950-$01609399 801 0$bMiAaPQ 801 1$bMiAaPQ 801 2$bMiAaPQ 906 $aBOOK 912 $a9910818933303321 996 $aA proof of the q-Macdonald-Morris conjecture for BCn$93984250 997 $aUNINA